| 000 | 03002nam2a22002891 4500 | ||
|---|---|---|---|
| 001 | RU\NLR\A1\12462 | ||
| 005 | 20260406110353.0 | ||
| 035 | _a(NLR Aleph) 009674916 | ||
| 090 |
_a13474591 _c13474591 |
||
| 100 | _a19970910d1775 m y0rusy50 ca | ||
| 101 | 1 |
_arus _cfre |
|
| 102 | _aRU | ||
| 140 | _ay y ebyaa0000 | ||
| 200 | 0 | _aТ.3 | |
| 215 | _a[2], 427, [1] с. | ||
| 316 |
_aЭкз. РНБ (137/712(т.3)) в состав. картон. пер., обтянутом бумагой, с кож. коричневыми корешком и уголками. Корешок гладкий, с блинтовым тиснением и двумя кож. наклейками, на верхней загл.: "Похождения Жилблаза", на нижнейй указание тома: "Том III". Внизу корешка вытиснены буквы: "С. М.". На нижней крышке пер. экслибрис рус. фонда ГПБ с шифром. Обрез крапчатый синий. На форзаце ярлык с шифром РНБ. На тит. л. круглый штамп ГПБ: "Дублет". На с.33 круглый штамп ГПБ. На форзаце и тит. л. неразборч. надписи _5NLR: 137/712(т.3) |
||
| 316 |
_aЭкз. РНБ (18.258.3.28(т.3)) в цельнокож. коричневом пер. с разводами. Корешок с 5-ю бинтами, блинтовым тиснением и двумя кож. наклейками, верхняя с загл.: "Похождение Жилблаза", нижняя с указанием тома: "Том III". На нижней книжке пер. экслибрис рус. фонда HYБ с шифром. Обрез тонир. красный. Правая сторона форзаца и левая нахзаца отсутствуют. На форзаце ярлык с шифром РНБ _5NLR: 18.258.3.28(т.3) |
||
| 317 |
_aВ экз. РНБ (18.258.3.28(т.3)) на тит. л. надпись: "Из книг Александра Неустроева" _5NLR: 18.258.3.28(т.3) |
||
| 461 | 1 |
_1001RU\NLR\A1\12459 _12000#$aПохождения Жилблаза де Сантилланы$fОписанныя г. Ле Сажем,$gА переведенныя Васильем Тепловым.$vТ.3 _1700#1$6z02790$aЛесаж$bА.Р.$f1668-1747$gАлен Рене$4070 _99678303 _aЛесаж, А.-Р. (1668-1747) _cВ Санктпетербурге _d1775 _fописанныя г. Ле Сажем, _nпри Императорской Академии наук _tПохождения Жилблаза де Сантилланы, _vТ.3 |
|
| 702 | 1 |
_4390 _8rus _7ca _aНеустроев _bА. Н. _f1825-1902 _gАлександр Николаевич _3RU\NLR\AUTH\77108756 _991681 |
|
| 801 | 0 |
_aRU _bNLR _c19970910 |
|
| 852 |
_aNLR _j18.258.3.28(т.3) |
||
| 852 |
_aNLR _j137/712(т.3) |
||
| 942 | _cBOOK | ||
| 980 | _aA1XVIIIv | ||
| 980 | _aNB | ||